000 00559nam a2200193Ia 4500
005 20250508154751.0
008 008 250505s9999 xx 000 0 eng d
037 _aTextual
040 _aFEDL
_beng
_cFEDL
041 _aeng
_2eng
084 _a420.7, INC
_qFEDL
245 0 _aTeaching of English
245 0 _cIncorporated Association of Assistant Masters in Secondary Schools
250 _a3
260 _aCambridge
_bCambridge University Press
_c1966
300 _axiv,184p
942 _cTEXL
_h420.7, INC
999 _c1352027
_d1352027